00696 a2200193 4500020001000000035001300010037004300023082000600066090001500072100002600087245006100113260003900174270008800213300002300301490002600324942002100350999001500371952011600386 c75.00 aB-211025 bRP-PV-4 / PANSY-07-08:5 / RP-07-08:ENG14aN c3709d37091 aGardner, Erle Stanley1 aThe case of the Bigamous Spousecby Erle Stanley Gardner aBangalorebMaster Mind Booksc2001 aNo. 25, Vasan Towers, Dr. TCM Royan Raode560053k080-26705679mvasanbks@bgl.net.in a160 pc18 cm (pbk) aA perry mason mystery adplcENkN / GAR c3631d3631 00102ddc407-18FICaZLSbZLSg75.00l0oN GARpB-211025r2008-09-15 00:00:00t1u3865v75.00w2008-09-15yEN